[Event "Paul Keres mem 46th"]
[Site "Richmond CAN"]
[Date "2022.05.22"]
[Round "4.8"]
[White "Mohammed Qanee, Arpak Worya"]
[Black "Su, Ethan"]
[Result "1-0"]
[WhiteElo "2129"]
[BlackElo "1939"]
[PlyCount "119"]
[EventDate "2022.05.21"]
[EventType "swiss"]
[EventRounds "6"]
[EventCountry "CAN"]

1. Nf3 Nf6 2. c4 e6 3. g3 d5 4. Bg2 c5 5. cxd5 exd5 6. O-O Nc6 7. d4 Be6 8. Nc3
a6 9. Bg5 c4 10. e4 Be7 11. Bxf6 Bxf6 12. exd5 Bxd5 13. Nxd5 Qxd5 14. Ne5 Qb5
15. a4 Qb6 16. Nxc4 Qxd4 17. Nd6+ Kf8 18. Nxb7 Ne7 19. Qxd4 Bxd4 20. Rab1 g6
21. Rfd1 Bf6 22. Nc5 Ra7 23. Rd6 Kg7 24. Rxa6 Rc7 25. b4 Bd4 26. Nb3 Ba7 27. b5
Rb8 28. Na5 Rb6 29. Rxb6 Bxb6 30. Nc6 Nxc6 31. bxc6 Ba5 32. Rb5 Ra7 33. Rb7
Rxb7 34. cxb7 Bc7 35. Kf1 Kf8 36. Bd5 Ke7 37. Ke2 f6 38. Kd3 Kd7 39. Kc4 Bd6
40. Bg8 h6 41. Kd5 Bb8 42. Be6+ Kc7 43. Bc8 Ba7 44. f3 g5 45. g4 Bg1 46. h3 Bh2
47. Ke6 Be5 48. Kf5 Kb8 49. Kg6 Ka7 50. Kxh6 Kb8 51. a5 Ka7 52. Kg6 Bc3 53. Kf5
Be5 54. Ke6 Bc3 55. Kf5 Be5 56. a6 Bc3 57. Be6 Be5 58. Bc4 Kb8 59. f4 gxf4 60.
g5 1-0

[Event "Paul Keres mem 46th"]
[Site "Richmond CAN"]
[Date "2022.05.22"]
[Round "4.9"]
[White "Roback, Joe"]
[Black "Wu, Nathan"]
[Result "1/2-1/2"]
[WhiteElo "2044"]
[BlackElo "1972"]
[PlyCount "133"]
[EventDate "2022.05.21"]
[EventType "swiss"]
[EventRounds "6"]
[EventCountry "CAN"]

1. e4 d5 2. Nc3 d4 3. Nce2 g6 4. Nf3 Nc6 5. c3 e5 6. d3 Bg7 7. cxd4 exd4 8. Ng3
h5 9. Be2 Nge7 10. Bg5 O-O 11. Qd2 Be6 12. Bh6 Qd6 13. Bxg7 Kxg7 14. a3 a5 15.
Qg5 Bg4 16. Nh4 Qe5 17. Qxe5+ Nxe5 18. f3 Bd7 19. f4 Ng4 20. Rc1 Rac8 21. O-O
Ne3 22. Rf2 f5 23. e5 c5 24. Nf1 N7d5 25. g3 b5 26. Bf3 Nxf1 27. Rfxf1 Ne3 28.
Rfe1 Be6 29. Kf2 Rfd8 30. Be2 Ng4+ 31. Kg1 Ne3 32. Nf3 Kf8 33. h3 Ke7 34. Kf2
a4 35. Rg1 Bd5 36. Rge1 Be6 37. Nh4 Kf7 38. Nf3 Bd5 39. Ng5+ Ke7 40. Rg1 c4 41.
Nf3 Bxf3 42. Kxf3 Ke6 43. Rge1 Ke7 44. Rg1 Ke6 45. Rge1 Rd7 46. Kf2 Rdc7 47.
Rb1 Rc5 48. Rec1 Nd5 49. Rd1 c3 50. Rdc1 c2 51. Ra1 Nb6 52. Bf3 b4 53. Ke2 b3
54. Kd2 Nd7 55. Rg1 Nf8 56. Raf1 c1=Q+ 57. Rxc1 Rc2+ 58. Rxc2 Rxc2+ 59. Kd1
Rxb2 60. Kc1 Rc2+ 61. Kb1 Nd7 62. g4 hxg4 63. hxg4 Nc5 64. gxf5+ Kxf5 65. Bg4+
Kxf4 66. e6 Nxd3 67. e7 1/2-1/2

[Event "Paul Keres mem 46th"]
[Site "Richmond CAN"]
[Date "2022.05.22"]
[Round "4.10"]
[White "Wang, Jerry"]
[Black "Pupols, Viktors"]
[Result "1-0"]
[WhiteElo "1948"]
[BlackElo "2210"]
[PlyCount "117"]
[EventDate "2022.05.21"]
[EventType "swiss"]
[EventRounds "6"]
[EventCountry "CAN"]

1. c4 e5 2. Nc3 Nc6 3. g3 Nf6 4. Bg2 g6 5. e3 Bg7 6. Nge2 O-O 7. O-O Ne7 8. e4
c5 9. d3 d6 10. a3 Ne8 11. f4 Nc7 12. Rb1 f6 13. Be3 Ne6 14. b4 b6 15. Qd2 Nd4
16. fxe5 dxe5 17. Bxd4 cxd4 18. Nd5 Be6 19. a4 Rb8 20. b5 Rf7 21. Nb4 Qd6 22.
a5 Nc8 23. Nc1 Qf8 24. Na6 Rbb7 25. Nb3 Bh6 26. Qb4 Qe8 27. c5 bxc5 28. Nbxc5
Bf8 29. Qb2 Bxc5 30. Nxc5 Rb8 31. Na6 Rbb7 32. Rfc1 Nd6 33. Rc5 Kg7 34. b6 axb6
35. axb6 Nc8 36. Rb5 Nd6 37. Rb4 Bc8 38. Bf3 Rbe7 39. Nc7 Qd8 40. Nd5 Re8 41.
Bd1 Nb7 42. Ba4 Bd7 43. Bb3 Rff8 44. Nc7 Re7 45. Bd5 Bc8 46. Qa2 f5 47. Bxb7
Bxb7 48. Ne6+ Rxe6 49. Qxe6 Re8 50. Qc4 Qg5 51. Qc1 f4 52. Rc4 Kh6 53. Rc7 Ba6
54. b7 Rb8 55. Rxh7+ Kxh7 56. Qc7+ Kh6 57. Qxb8 Qf6 58. Qg8 fxg3 59. hxg3 1-0

[Event "Paul Keres mem 46th"]
[Site "Richmond CAN"]
[Date "2022.05.23"]
[Round "5.1"]
[White "Orlov, Georgi"]
[Black "Kolbus, Dietmar"]
[Result "1/2-1/2"]
[WhiteElo "2506"]
[BlackElo "2354"]
[PlyCount "115"]
[EventDate "2022.05.21"]
[EventType "swiss"]
[EventRounds "6"]
[EventCountry "CAN"]

1. e4 e5 2. Nf3 Nf6 3. Nc3 Bb4 4. Bc4 Bxc3 5. dxc3 d6 6. Qe2 Qe7 7. h3 Nbd7 8.
Ng5 Rf8 9. a4 h6 10. Nf3 Nc5 11. Nd2 Be6 12. b4 Bxc4 13. Qxc4 Ne6 14. O-O Qd7
15. Nf3 Qc6 16. Qxc6+ bxc6 17. Re1 a6 18. Nd2 c5 19. Nb3 cxb4 20. cxb4 Kd7 21.
Bd2 Rfb8 22. Rad1 Ng8 23. c3 Ne7 24. Be3 Ke8 25. Na5 f6 26. Bc1 Rd8 27. g3 g5
28. Nc4 Kf7 29. Rd3 d5 30. exd5 Rxd5 31. Red1 Rad8 32. Rxd5 Rxd5 33. Rxd5 Nxd5
34. Bd2 h5 35. Kg2 Nf8 36. Ne3 Ne7 37. c4 c6 38. b5 cxb5 39. cxb5 axb5 40. axb5
Nd7 41. Bb4 Nc8 42. Nd5 Ke6 43. Nc7+ Kf5 44. Kf3 g4+ 45. hxg4+ hxg4+ 46. Ke3
Ncb6 47. Kd3 Nc8 48. Ba3 Ncb6 49. Bb4 Nc8 50. Bd2 Ncb6 51. Be3 Nc8 52. Kc4 Ke4
53. Ne6 Nd6+ 54. Kb4 Kd5 55. Nc7+ Ke4 56. b6 f5 57. Ne6 Kd5 58. Ng7 1/2-1/2

[Event "Paul Keres mem 46th"]
[Site "Richmond CAN"]
[Date "2022.05.23"]
[Round "5.2"]
[White "Kaufman, Raymond"]
[Black "Albitar, Hani"]
[Result "1/2-1/2"]
[WhiteElo "2376"]
[BlackElo "2192"]
[PlyCount "88"]
[EventDate "2022.05.21"]
[EventType "swiss"]
[EventRounds "6"]
[EventCountry "CAN"]

1. d4 Nf6 2. Nc3 d5 3. Bf4 a6 4. Qd3 c5 5. dxc5 Nc6 6. O-O-O e6 7. Nf3 Bxc5 8.
e4 dxe4 9. Qxd8+ Nxd8 10. Ng5 Bxf2 11. Rxd8+ Kxd8 12. Nxf7+ Ke7 13. Nxh8 Bd7
14. Be2 Rxh8 15. Rd1 Bc6 16. Bd6+ Kf7 17. g4 Rd8 18. Bf4 Rxd1+ 19. Nxd1 Bc5 20.
c4 Nd7 21. g5 Ke7 22. h4 Bd6 23. Bxd6+ Kxd6 24. b4 Ke5 25. Ne3 Kd4 26. Kd2 Ke5
27. Nc2 Ba4 28. Ne3 Kd4 29. Bg4 Ne5 30. Bxe6 Nf3+ 31. Ke2 Nxh4 32. Bc8 Bc6 33.
a4 b6 34. b5 axb5 35. cxb5 Ba8 36. a5 bxa5 37. b6 a4 38. b7 Bxb7 39. Bxb7 g6
40. Bc6 a3 41. Nc2+ Ke5 42. Nxa3 Nf3 43. Ke3 Nxg5 44. Nc4+ Kf6 1/2-1/2

[Event "Paul Keres mem 46th"]
[Site "Richmond CAN"]
[Date "2022.05.23"]
[Round "5.3"]
[White "Mackinnon, Keith"]
[Black "Mohammed Qanee, Arpak Worya"]
[Result "1-0"]
[WhiteElo "2287"]
[BlackElo "2129"]
[PlyCount "83"]
[EventDate "2022.05.21"]
[EventType "swiss"]
[EventRounds "6"]
[EventCountry "CAN"]

1. e4 c5 2. Nf3 Nc6 3. d4 cxd4 4. Nxd4 g6 5. c4 Bg7 6. Be3 Nf6 7. Nc3 O-O 8.
Be2 d6 9. O-O Nxd4 10. Bxd4 Be6 11. Rc1 Qa5 12. Nd5 Bxd5 13. exd5 Rfc8 14. Rc3
Qd8 15. b4 b6 16. Rc2 Rc7 17. f4 Rac8 18. Rb2 Qf8 19. Rb3 Nd7 20. Bf2 f5 21. g4
Rxc4 22. Bxc4 Rxc4 23. Be3 Nf6 {Black offered a draw.} 24. Qd3 Qc8 25. gxf5
gxf5 26. Kh1 Ne4 27. Ra3 Rc3 28. Rxc3 Qxc3 29. Qxc3 Bxc3 30. a3 Kf7 31. Rd1 Bd2
32. Rxd2 Nxd2 33. Bxd2 b5 34. Kg2 e5 35. fxe5 dxe5 36. Bc3 e4 37. Kg3 Ke7 38.
Be5 a6 39. Kf4 Kd7 40. Kxf5 e3 41. Ke4 e2 42. Bg3 1-0

[Event "Paul Keres mem 46th"]
[Site "Richmond CAN"]
[Date "2022.05.23"]
[Round "5.4"]
[White "Doknjas, Neil"]
[Black "Nunez Asencio, Jorge"]
[Result "0-1"]
[WhiteElo "2262"]
[BlackElo "2266"]
[PlyCount "158"]
[EventDate "2022.05.21"]
[EventType "swiss"]
[EventRounds "6"]
[EventCountry "CAN"]

1. e4 c6 2. d4 d5 3. e5 Bf5 4. Nf3 e6 5. Be2 Nd7 6. O-O Bg6 7. Nbd2 Rc8 8. Ne1
Qb6 9. c3 c5 10. dxc5 Bxc5 11. Qa4 Qc7 12. Nef3 Ne7 13. b4 Bb6 14. c4 dxc4 15.
Nxc4 O-O 16. Bb2 Qc6 17. Qxc6 Rxc6 18. Nd4 Bxd4 19. Bxd4 Nd5 20. b5 Rc7 21. f4
Nc5 22. Nd6 Ne4 23. f5 exf5 24. Rac1 b6 25. Bc4 Nxd6 26. exd6 Rd7 27. Rfd1 Nf6
28. Bxf6 gxf6 29. Rd4 Rfd8 30. Rcd1 Bh5 31. R1d2 Kg7 32. Kf2 f4 33. Bb3 f5 34.
Bc2 Kf6 35. Rd5 Bg6 36. Kf3 Rc8 37. Kxf4 Rc4+ 38. R5d4 Rxd6 39. Rxc4 Rxd2 40.
Rc6+ Ke7 41. Kf3 Kd7 42. Bb3 Bh5+ 43. Kg3 f4+ 44. Kh3 Bg6 45. Rc4 Bf5+ 46. g4
fxg3+ 47. Kxg3 Rd3+ 48. Kf4 Be6 49. Ra4 Bxb3 50. axb3 Rxb3 51. Rxa7+ Ke6 52.
Ra8 Kf6 53. Rh8 Rb4+ 54. Kg3 Kg7 55. Rc8 Rxb5 56. Rc6 f6 57. h4 Kg6 58. Rc8
Rb3+ 59. Kf4 Rb4+ 60. Kg3 h5 61. Rg8+ Kf5 62. Rd8 Rb3+ 63. Kg2 Kf4 64. Rd4+ Ke5
65. Rd8 Kf5 66. Rd5+ Kg6 67. Rd8 b5 68. Rd5 b4 69. Rb5 Rb1 70. Kg3 b3 71. Kf2
b2 72. Kg2 f5 73. Rb6+ Kf7 74. Rb7+ Ke6 75. Rb6+ Kd5 76. Rb8 f4 77. Rd8+ Ke6
78. Rb8 f3+ 79. Kf2 Rh1 0-1

[Event "Paul Keres mem 46th"]
[Site "Richmond CAN"]
[Date "2022.05.23"]
[Round "5.5"]
[White "Wu, Nathan"]
[Black "Schulte, Oliver"]
[Result "1/2-1/2"]
[WhiteElo "1972"]
[BlackElo "2392"]
[PlyCount "94"]
[EventDate "2022.05.21"]
[EventType "swiss"]
[EventRounds "6"]
[EventCountry "CAN"]

1. d4 Nf6 2. Bf4 d5 3. e3 c5 4. dxc5 Nc6 5. Bb5 g6 6. Nf3 Bg7 7. c3 O-O 8. Bxc6
bxc6 9. Nd4 Bd7 10. Be5 Ne4 11. Bxg7 Kxg7 12. O-O e5 13. Nb3 Qe7 14. N1d2 Nxc5
15. Nxc5 Qxc5 16. e4 Rab8 17. Nb3 Qd6 18. Qd2 Be6 19. Rfd1 Rfd8 20. Qd3 Qc7 21.
exd5 cxd5 22. Qe3 Rb6 23. Rd2 f6 24. h3 Bf7 25. Nc5 a5 26. a3 Ra8 27. Rb1 a4
28. Nd3 Rd6 29. Nb4 Rad8 30. Rbd1 R8d7 31. f4 d4 32. cxd4 exf4 33. Qxf4 Qb6 34.
Kh1 Bb3 35. Re1 Rxd4 36. Rxd4 Qxd4 37. Re7+ Bf7 38. Qxd4 Rxd4 39. Ra7 Rd2 40.
Rxa4 Rxb2 41. Ra7 Kf8 42. Ra8+ Ke7 43. Ra7+ Ke8 44. Nd3 Rd2 45. Ra8+ Ke7 46.
Ra7+ Ke8 47. Ra8+ Ke7 1/2-1/2

[Event "Paul Keres mem 46th"]
[Site "Richmond CAN"]
[Date "2022.05.23"]
[Round "5.6"]
[White "Yang, Jingyun (Ryan)"]
[Black "Moura, Eduardo"]
[Result "0-1"]
[WhiteElo "1951"]
[BlackElo "2205"]
[PlyCount "94"]
[EventDate "2022.05.21"]
[EventType "swiss"]
[EventRounds "6"]
[EventCountry "CAN"]

1. g3 g6 2. Bg2 Bg7 3. Nf3 e5 4. d3 d6 5. c4 Nf6 6. Nc3 O-O 7. Bg5 h6 8. Bd2 c6
9. O-O Re8 10. Qc1 Kh7 11. Rb1 a5 12. b3 d5 13. cxd5 cxd5 14. Nb5 Nc6 15. d4
Bf5 16. dxe5 Nxe5 17. Nxe5 Rxe5 18. Qc7 Rxe2 19. Rbd1 Qxc7 20. Nxc7 Rc8 21.
Bxa5 Rxa2 22. b4 Rxa5 23. bxa5 Rxc7 24. Bxd5 Nxd5 25. Rxd5 Be6 26. Rd6 Be5 27.
Rb6 Bc4 28. Rc1 Ba6 29. Rbb1 Bc3 30. Rb6 Kg7 31. Rd6 Bxa5 32. Rb1 Rc2 33. Rd7
Bc7 34. h4 h5 35. Rb3 Be5 36. Rf3 Bf6 37. Rd6 Be7 38. Rd7 Kf8 39. Rd4 Rc1+ 40.
Kh2 b5 41. Rd7 Bc8 42. Ra7 Be6 43. Ra6 Bd5 44. Ra8+ Bxa8 45. g4 Bxf3 46. g5
Bd6+ 47. Kh3 Rh1# 0-1

[Event "Paul Keres mem 46th"]
[Site "Richmond CAN"]
[Date "2022.05.23"]
[Round "5.7"]
[White "Liu, Zachary"]
[Black "Gornall, Kirk"]
[Result "0-1"]
[WhiteElo "1862"]
[BlackElo "2164"]
[PlyCount "108"]
[EventDate "2022.05.21"]
[EventType "swiss"]
[EventRounds "6"]
[EventCountry "CAN"]

1. e4 Nf6 2. e5 Nd5 3. c4 Nb6 4. d4 d6 5. exd6 cxd6 6. Nc3 g6 7. Nf3 Bg7 8. Be2
O-O 9. O-O Bg4 10. h3 Bxf3 11. Bxf3 Nc6 12. Bxc6 bxc6 13. b3 d5 14. c5 Nd7 15.
Bb2 e5 16. Ne2 e4 17. Bc3 Qh4 18. Qe1 Qe7 19. Qd2 Rfe8 20. Rae1 e3 21. Qd3
exf2+ 22. Rxf2 Qe3 23. Qxe3 Rxe3 24. Rf3 Rae8 25. Kf2 R3e6 26. b4 Nf6 27. Rd3
Ne4+ 28. Kf1 Nxc3 29. Rxc3 Bxd4 30. Ra3 a5 31. bxa5 Bxc5 32. Rb3 Rf6+ 33. Rf3
Rxf3+ 34. gxf3 Re3 35. a6 Rxf3+ 36. Kg2 Re3 37. Kf1 Rf3+ 38. Kg2 Ra3 39. Rc1
Rxa2 40. Rxc5 Rxe2+ 41. Kf3 Ra2 42. Rxc6 Ra4 43. Ke3 Kg7 44. Kd3 d4 45. Ke4 f5+
46. Ke5 d3 47. Rc7+ Kh6 48. a7 d2 49. Rd7 Rxa7 50. Rxd2 Kg5 51. Rd3 Re7+ 52.
Kd6 Re1 53. Kc6 f4 54. Rf3 Re3 0-1

[Event "Paul Keres mem 46th"]
[Site "Richmond CAN"]
[Date "2022.05.23"]
[Round "5.8"]
[White "Song, Ethan"]
[Black "Wang, Jerry"]
[Result "0-1"]
[WhiteElo "2012"]
[BlackElo "1948"]
[PlyCount "176"]
[EventDate "2022.05.21"]
[EventType "swiss"]
[EventRounds "6"]
[EventCountry "CAN"]

1. e4 e5 2. Nf3 Nc6 3. Bc4 Nf6 4. d3 Be7 5. Nc3 d6 6. h3 Na5 7. Bb3 O-O 8. Bg5
Nxb3 9. axb3 c6 10. O-O Ne8 11. Bxe7 Qxe7 12. d4 Nc7 13. Re1 f6 14. Ne2 Be6 15.
Ng3 c5 16. dxc5 dxc5 17. Qe2 a6 18. Rad1 Rfd8 19. Nh4 g6 20. Nf3 Nb5 21. c4 Nd4
22. Nxd4 cxd4 23. h4 Qb4 24. Qf3 Rf8 25. h5 b5 26. hxg6 hxg6 27. Ne2 Rae8 28.
Qg3 Bf7 29. Qh4 Kg7 30. Ng3 Be6 31. Nf1 Qxb3 32. f4 Rh8 33. Qf2 Bxc4 34. Nd2
Qxb2 35. Rb1 Qa3 36. Nxc4 bxc4 37. fxe5 fxe5 38. Rb7+ Re7 39. Rf1 Qd6 40. Rfb1
Rf8 41. Qh4 Rxb7 42. Rxb7+ Rf7 43. Rxf7+ Kxf7 44. Qh7+ Kf8 45. Qh8+ Kf7 46.
Qh7+ Kf6 47. Qh8+ Ke7 48. Qg7+ Kd8 49. Qg8+ Kd7 50. Qf7+ Kc6 51. Qxc4+ Kb6 52.
Qb3+ Ka7 53. Qf7+ Kb8 54. Qb3+ Kc7 55. Qf7+ Kc6 56. Qc4+ Kb6 57. Qb3+ Ka5 58.
Qa2+ Kb5 59. Qb3+ Qb4 60. Qd5+ Qc5 61. Qb3+ Ka5 62. Qa2+ Kb4 63. Qb2+ Ka4 64.
Qa2+ Qa3 65. Qc4+ Qb4 66. Qa2+ Kb5 67. Qd5+ Kb6 68. Qe6+ Ka7 69. Qxe5 d3 70.
Qg7+ Kb6 71. Qxg6+ Kb5 72. Qe8+ Kc4 73. Qe6+ Kc3 74. Kh2 d2 75. Qf6+ Kd3 76.
Qxa6+ Qc4 77. Qa3+ Kc2 78. Qf3 d1=Q 79. Qf2+ Qd2 80. Qg3 Qh6+ 81. Kg1 Qd4+ 82.
Qf2+ Qxf2+ 83. Kxf2 Kd3 84. Kf3 Qe3+ 85. Kg4 Qxe4+ 86. Kh3 Ke3 87. g4 Kf3 88.
g5 Qh7# 0-1

[Event "Paul Keres mem 46th"]
[Site "Richmond CAN"]
[Date "2022.05.23"]
[Round "5.9"]
[White "Yang, Brian"]
[Black "Guo, Veronica (Yu Han)"]
[Result "1/2-1/2"]
[WhiteElo "2080"]
[BlackElo "1955"]
[PlyCount "137"]
[EventDate "2022.05.21"]
[EventType "swiss"]
[EventRounds "6"]
[EventCountry "CAN"]

1. e4 c6 2. d4 d5 3. e5 Bf5 4. h4 h5 5. Bd3 Bxd3 6. Qxd3 e6 7. Bg5 Qb6 8. Nd2
Qa6 9. c4 Bb4 10. b3 c5 11. dxc5 Nd7 12. Ngf3 dxc4 13. bxc4 Nxc5 14. Qc2 Ne7
15. Bxe7 Kxe7 16. O-O Bxd2 17. Qxd2 f6 18. Qf4 Rac8 19. exf6+ gxf6 20. Rad1 e5
21. Rfe1 Ne6 22. Qd2 Rcd8 23. Qb4+ Kf7 24. Rb1 b6 25. a4 Rhg8 26. g3 Nd4 27.
Nxd4 Rxd4 28. a5 Rxh4 29. Kf1 Rxc4 30. Qb5 Qxb5 31. Rxb5 bxa5 32. Rb7+ Kg6 33.
Rxa7 Ra4 34. Rc1 Rd8 35. Rc5 Rd1+ 36. Kg2 Rg4 37. Rcxa5 h4 38. Ra3 hxg3 39.
Rxg3 Rxg3+ 40. Kxg3 Kf5 41. Ra3 Rg1+ 42. Kf3 Rg4 43. Ke2 Kf4 44. Rf3+ Kg5 45.
Re3 Kf5 46. Ra3 Rd4 47. Rf3+ Ke6 48. Ra3 f5 49. Ra6+ Rd6 50. Ra5 e4 51. f3 Rd5
52. Ra6+ Ke5 53. fxe4 Kxe4 54. Ra4+ Ke5 55. Kf3 Rd3+ 56. Ke2 Rb3 57. Kf2 Kf6
58. Rc4 Kg5 59. Ra4 Rh3 60. Kg2 Rb3 61. Kf2 f4 62. Ra8 Kg4 63. Rg8+ Kf5 64.
Rf8+ Ke4 65. Re8+ Kd4 66. Rd8+ Kc3 67. Rf8 Rb2+ 68. Kf3 Rb1 69. Rxf4 1/2-1/2

[Event "Paul Keres mem 46th"]
[Site "Richmond CAN"]
[Date "2022.05.23"]
[Round "5.10"]
[White "Su, Ethan"]
[Black "Windram, James"]
[Result "0-1"]
[WhiteElo "1939"]
[BlackElo "2072"]
[PlyCount "96"]
[EventDate "2022.05.21"]
[EventType "swiss"]
[EventRounds "6"]
[EventCountry "CAN"]

1. d4 Nf6 2. c4 e6 3. Nf3 c5 4. e3 b6 5. Nc3 cxd4 6. exd4 Bb7 7. g3 Be7 8. Bg2
O-O 9. O-O d6 10. b3 Nbd7 11. Re1 a6 12. Bb2 Re8 13. Nd2 Bxg2 14. Kxg2 Qb8 15.
f4 b5 16. Rb1 Bf8 17. h3 Qc7 18. Kh2 bxc4 19. Nxc4 Nb6 20. Nxb6 Qxb6 21. Qd2
Rad8 22. Qe3 Qa5 23. a3 g6 24. b4 Qb6 25. Rbd1 Bg7 26. Rd2 Qc6 27. Rde2 Rc8 28.
Qd3 Qb7 29. b5 axb5 30. Nxb5 Qa6 31. a4 Nd5 32. Qb3 h5 33. Ba3 Red8 34. Ra2 h4
35. Rc1 hxg3+ 36. Kxg3 Nxf4 37. Rxc8 Nh5+ 38. Kh2 Qxc8 39. Rc2 Qb8 40. d5 Be5+
41. Kh1 exd5 42. Qxd5 Qb6 43. Bc5 dxc5 44. Qxe5 Qc6+ 45. Kh2 c4 46. Qe2 Nf4 47.
Rxc4 Qxb5 48. Qf2 Qxc4 0-1

[Event "Paul Keres mem 46th"]
[Site "Richmond CAN"]
[Date "2022.05.23"]
[Round "6.1"]
[White "Kolbus, Dietmar"]
[Black "Mackinnon, Keith"]
[Result "1/2-1/2"]
[WhiteElo "2354"]
[BlackElo "2287"]
[PlyCount "23"]
[EventDate "2022.05.21"]
[EventType "swiss"]
[EventRounds "6"]
[EventCountry "CAN"]

1. c4 e6 2. Nf3 Nf6 3. g3 d5 4. Bg2 dxc4 5. Qa4+ c6 6. Qxc4 b5 7. Qc2 Bb7 8. d4
Nbd7 9. a4 a6 10. O-O c5 11. dxc5 Bxc5 12. axb5 1/2-1/2

[Event "Paul Keres mem 46th"]
[Site "Richmond CAN"]
[Date "2022.05.23"]
[Round "6.2"]
[White "Nunez Asencio, Jorge"]
[Black "Gornall, Kirk"]
[Result "1/2-1/2"]
[WhiteElo "2266"]
[BlackElo "2164"]
[PlyCount "98"]
[EventDate "2022.05.21"]
[EventType "swiss"]
[EventRounds "6"]
[EventCountry "CAN"]

1. d4 f5 2. Nf3 e6 3. Bf4 Nf6 4. e3 Bd6 5. Nbd2 b6 6. Nc4 Be7 7. h3 Bb7 8. Bd3
O-O 9. Qe2 Nd5 10. c3 Nxf4 11. exf4 c5 12. dxc5 Bxc5 {Black offered a draw.}
13. O-O-O Qc7 14. Nce5 Nc6 15. Bc4 Nxe5 16. Nxe5 d5 17. Bd3 Bd6 18. Rhe1 Bxe5
19. Qxe5 Qxe5 20. Rxe5 Kf7 21. g4 g6 22. Rde1 Rfe8 23. Kd2 Rad8 24. Ke3 d4+ 25.
cxd4 Rd6 26. Bc4 Red8 27. gxf5 Rxd4 28. fxe6+ Ke7 29. b3 Rd2 30. f5 Rc2 31. f6+
Kxf6 32. e7 Re8 33. Kd3 Rxa2 34. Bb5 Ba6 35. Bxa6 Rxa6 36. R5e3 b5 37. Rf3+ Kg7
38. Kd4 Rf6 39. Rxf6 Kxf6 40. Kc5 Rxe7 41. Rxe7 Kxe7 42. Kxb5 Kd6 43. Ka6 Kc5
44. Kxa7 Kb4 45. Kb6 Kxb3 46. Kc5 Kc3 47. Kd5 Kd2 48. Ke5 Ke2 49. f4 Kf3
1/2-1/2

[Event "Paul Keres mem 46th"]
[Site "Richmond CAN"]
[Date "2022.05.23"]
[Round "6.3"]
[White "Moura, Eduardo"]
[Black "Orlov, Georgi"]
[Result "0-1"]
[WhiteElo "2205"]
[BlackElo "2506"]
[PlyCount "82"]
[EventDate "2022.05.21"]
[EventType "swiss"]
[EventRounds "6"]
[EventCountry "CAN"]

1. e4 c5 2. c3 Nf6 3. e5 Nd5 4. d4 cxd4 5. Nf3 Nc6 6. cxd4 d6 7. Bc4 e6 8. O-O
Nb6 9. Bb5 Bd7 10. Nc3 d5 11. Bg5 Be7 12. Bxe7 Qxe7 13. Rc1 O-O 14. b3 Rac8 15.
Qd2 a6 16. Bxc6 Bxc6 17. Ne1 Nd7 18. Nd3 b6 19. Rc2 f6 20. f4 fxe5 21. fxe5
Rxf1+ 22. Kxf1 Qh4 23. Nf4 Nf8 24. g3 Qg4 25. Qe2 Qf5 26. Kg1 Bb5 27. Qf2 Ng6
28. Ng2 Qg4 29. Ne3 Qg5 30. Nxb5 Rf8 31. Qe2 axb5 32. Ng2 b4 33. Qd2 Qf5 34.
Rc1 h5 35. Qe3 Qg4 36. Kh1 Rf3 37. Qd2 Kh7 38. Qxb4 h4 39. gxh4 Rf2 40. Rg1
Nxh4 41. Nxh4 Qxh4 0-1

[Event "Paul Keres mem 46th"]
[Site "Richmond CAN"]
[Date "2022.05.23"]
[Round "6.4"]
[White "Wang, Jerry"]
[Black "Kaufman, Raymond"]
[Result "0-1"]
[WhiteElo "1948"]
[BlackElo "2376"]
[PlyCount "82"]
[EventDate "2022.05.21"]
[EventType "swiss"]
[EventRounds "6"]
[EventCountry "CAN"]

1. c4 Nf6 2. g3 c6 3. Bg2 d5 4. cxd5 cxd5 5. d4 Nc6 6. Nf3 Bf5 7. Nh4 Be4 8. f3
Bxb1 9. Rxb1 e6 10. f4 Qa5+ 11. Bd2 Bb4 12. e3 Bxd2+ 13. Qxd2 Qxa2 14. O-O O-O
15. Qe2 Rfc8 16. g4 Nb4 17. g5 Ne4 18. Bxe4 dxe4 19. Qg2 Qd5 20. f5 e5 21. f6
g6 22. Qh3 h5 23. gxh6 Kh7 24. dxe5 Qxe5 25. Ng2 Nd5 26. Rf2 Rc6 27. Qd7 Rc7
28. Qb5 a6 29. Qb3 Nxf6 30. Rbf1 Ng4 31. Rxf7+ Kxh6 32. R7f4 Qh5 33. h4 Ne5 34.
Qe6 Nf3+ 35. Kh1 Rac8 36. Qxe4 Nd2 37. Qd4 Nxf1 38. Rxf1 Qe2 39. Rf4 Rc2 40.
Rg4 Qf3 41. Kh2 R2c4 0-1

[Event "Paul Keres mem 46th"]
[Site "Richmond CAN"]
[Date "2022.05.23"]
[Round "6.5"]
[White "Albitar, Hani"]
[Black "Schulte, Oliver"]
[Result "1/2-1/2"]
[WhiteElo "2192"]
[BlackElo "2392"]
[PlyCount "59"]
[EventDate "2022.05.21"]
[EventType "swiss"]
[EventRounds "6"]
[EventCountry "CAN"]

1. d4 Nf6 2. c4 e6 3. Nc3 Bb4 4. e3 O-O 5. Bd2 d5 6. Nf3 b6 7. cxd5 exd5 8. Rc1
Be7 9. Ne5 Bb7 10. Bd3 c5 11. O-O Nc6 12. Be1 Bd6 13. f4 cxd4 14. Nxc6 Bxc6 15.
exd4 Qd7 16. f5 Rfe8 17. Bh4 Ne4 18. Rc2 Nxc3 19. Rxc3 Bb5 20. Qh5 Bxd3 21.
Rxd3 f6 22. Rh3 Qf7 23. Qf3 Re4 24. Bf2 Rae8 25. Qb3 Bf4 26. Rf3 Qd7 27. g3 Bh6
28. Rd1 Re2 29. Rdd3 R8e4 30. Kf1 1/2-1/2

[Event "Paul Keres mem 46th"]
[Site "Richmond CAN"]
[Date "2022.05.23"]
[Round "6.6"]
[White "Windram, James"]
[Black "Doknjas, Neil"]
[Result "0-1"]
[WhiteElo "2072"]
[BlackElo "2262"]
[PlyCount "86"]
[EventDate "2022.05.21"]
[EventType "swiss"]
[EventRounds "6"]
[EventCountry "CAN"]

1. e4 c6 2. d4 d5 3. Nc3 dxe4 4. Nxe4 Nf6 5. Nxf6+ exf6 6. c3 Bd6 7. Bd3 O-O 8.
Qc2 Re8+ 9. Ne2 h5 10. Be3 Nd7 11. O-O-O Nf8 12. Kb1 Be6 13. c4 Rc8 14. h3 b5
15. c5 Bb8 16. g4 Bd5 17. Rhg1 Bh2 18. Rge1 h4 19. Nc3 Bf3 20. Be2 Bg2 21. d5
b4 22. dxc6 Qa5 23. Nb5 Bxc6 24. Nd6 Bxd6 25. Rxd6 b3 26. Qc3 Qxa2+ 27. Kc1
Red8 28. Rxd8 Qa1+ 29. Kd2 Rxd8+ 30. Bd3 Qa6 31. Rd1 Ng6 32. Bd4 Qa4 33. Bxg6
Rxd4+ 34. Bd3 Rf4 35. Ke1 Bf3 36. Rc1 Qe8+ 37. Kf1 g5 38. c6 Bxc6 39. Qxb3 Kg7
40. Rc4 Bd5 41. Rc8 Qxc8 42. Qxd5 Qc1+ 43. Kg2 Qd2 0-1

[Event "Paul Keres mem 46th"]
[Site "Richmond CAN"]
[Date "2022.05.23"]
[Round "6.7"]
[White "Mohammed Qanee, Arpak Worya"]
[Black "Wu, Nathan"]
[Result "1-0"]
[WhiteElo "2129"]
[BlackElo "1972"]
[PlyCount "131"]
[EventDate "2022.05.21"]
[EventType "swiss"]
[EventRounds "6"]
[EventCountry "CAN"]

1. e4 d5 2. exd5 Qxd5 3. Nc3 Qd6 4. d4 c6 5. Nf3 Nf6 6. Ne5 Nbd7 7. Bf4 Nd5 8.
Nxd5 Qxd5 9. Qd3 g6 10. c4 Qa5+ 11. Qc3 Qxc3+ 12. bxc3 Bg7 13. Nf3 O-O 14. Be2
Re8 15. O-O-O Nf6 16. Bd3 Bg4 17. Kc2 Bxf3 18. gxf3 Nh5 19. Be3 e6 20. Rb1 Re7
21. a4 f5 22. c5 Kf8 23. Rb4 Rc8 24. Rhb1 Rcc7 25. Bg5 Bf6 26. Bxf6 Nxf6 27.
Re1 Nd5 28. Rb2 Kf7 29. Bc4 Kf6 30. Re5 Rcd7 31. Rb1 Nf4 32. Rbe1 g5 33. Rg1
Ng6 34. Re3 h6 35. a5 a6 36. Rd1 Nf4 37. Bf1 Rd5 38. c4 Rd8 39. Kc3 Red7 40.
Re5 Ng6 41. Re3 Kf7 42. Red3 Nf4 43. R3d2 Kf6 44. Rb1 e5 45. d5 cxd5 46. Rb6+
Kg7 47. c6 d4+ 48. Kb4 bxc6 49. Rxc6 Rd6 50. Rxd6 Rxd6 51. Kc5 Rd8 52. Kb6 Rb8+
53. Kxa6 Ne6 54. Ka7 Rb4 55. c5 Nxc5 56. Rc2 Ne6 57. Rc6 Nd8 58. Rd6 Nf7 59.
Rb6 Rxb6 60. Kxb6 e4 61. fxe4 fxe4 62. a6 Nd6 63. Kc7 Ne8+ 64. Kc6 d3 65. a7 d2
66. Be2 1-0

[Event "Paul Keres mem 46th"]
[Site "Richmond CAN"]
[Date "2022.05.23"]
[Round "6.8"]
[White "Roback, Joe"]
[Black "Yang, Brian"]
[Result "1-0"]
[WhiteElo "2044"]
[BlackElo "2080"]
[PlyCount "73"]
[EventDate "2022.05.21"]
[EventType "swiss"]
[EventRounds "6"]
[EventCountry "CAN"]

1. e4 c5 2. Nf3 e6 3. d4 cxd4 4. Nxd4 Nc6 5. Nc3 Qc7 6. Be3 a6 7. Qd2 Nf6 8. f3
Be7 9. g4 b5 10. g5 Nh5 11. O-O-O Nxd4 12. Bxd4 Bb7 13. Ne2 Rc8 14. h4 d5 15.
e5 b4 16. Bh3 g6 17. Bg4 Ng7 18. Kb1 a5 19. Rh2 a4 20. Nc1 Nf5 21. Bxf5 gxf5
22. h5 Rg8 23. Rg1 Bc5 24. f4 Ba6 25. Rhg2 Bxd4 26. Qxd4 Qc5 27. Qd2 a3 28. Nb3
Qc4 29. bxa3 bxa3 30. Qa5 Bb7 31. Qxa3 Qxf4 32. g6 hxg6 33. hxg6 d4 34. Qa4+
Kd8 35. gxf7 Rf8 36. Qb4 Rxf7 37. Rg8+ 1-0